Dom Quixote contado às crianças (Registo nº 2010)

Detalhes MARC
000 -Etiqueta do registo
Cabeçalho 01211nam a22003491 4500
005 - Identificador da versão
Campo de controlo 20240813121922.0
095 ## -
-- PTBN00005081
010 ## - Número internacional normalizado dos livros (ISBN)
Número (ISBN) 9726109868
021 ## - Número do Depósito Legal
Código do país PT
Número 232869/05
100 ## - Dados gerais de processamento
Dados gerais de processamento 20070620d2005 de y0pory5003 ba
102 ## - Pais de publicação ou produção
País de publicação Portugal
101 1# - Língua de publicação
Língua do texto, banda sonora, etc. Português
Língua do documento no original Espanhol
106 ## - Campo de dados codificados: material textual
Dados codificados do material textual r
105 ## - Campo de dados codificados: livros
Dados codificados dos livros a z 001zy
215 ## - Descrição física 
Indicação específica da natureza do documento e extensão da espécie 196, [1] p.
Outras indicações físicas muito il.
Dimensões 25 cm
200 1# - Titulo e menção de responsabilidade
Título próprio Dom Quixote contado às crianças
Primeira menção de responsabilidade adapt. Rosa Navarro Durán
Outras menções de responsabilidade il. Francesc Rovira
-- trad. António Rebordão Navarro
205 ## - Menção da edição
Menção da edição 1ª ed.
210 ## - Publicação, Distribuição, etc. 
Lugar da edição, distribuição, etc. Porto
Nome do editor, distribuidor, etc. Campo das Letras
Data da publicação, distribuição, etc. 2005
300 ## - Notas gerais 
Texto da nota Versão para crianças do romance de Miguel de Cervantes "O engenhoso fidalgo Dom Quixote de la Mancha"
304 ## - Notas relativas a título e menção de responsabilidade 
Texto da nota Tít. orig.: El Quijote contado a los niños
606 ## - Nome comum usado como assunto
Número de registo de entrada de autoridade 0000229
Palavra de ordem Literatura estrangeira infanto-juvenil
Subdivisão de assunto Romance de aventuras
675 ## - Classificação Decimal Universal (CDU)
Notação 82-311.3
Edição
Língua da edição por
702 #1 - Nome de autor-pessoa física (responsabilidade secundária)
Número de registo de entrada de autoridade 0000529
Palavra de ordem Rovira
Outra parte do nome não tomada para palavra de ordem Francesc
Código de função Ilustrador / Técnico de desenho computorizado
Número de registo de entrada de autoridade 0000700
Palavra de ordem Navarro
Outra parte do nome não tomada para palavra de ordem António Rebordão
Código de função Tradutor
Número de registo de entrada de autoridade 0000701
Palavra de ordem Cervantes
Outra parte do nome não tomada para palavra de ordem Miguel de
Datas 1547-1616
Código de função Antecedente bibliográfico
700 #1 - Nome de autor-pessoa física (responsabilidade principal)
Número de registo de entrada de autoridade 0000699
Palavra de ordem Durán
Outra parte do nome não tomada para palavra de ordem Rosa Navarro
942 ## - Elementos de entrada adicionados (Koha)
Tipo de item no Koha Livro
Exemplares
Situação do levantamento Origin of item (home branch) (coded) Biblioteca de empréstimo Código de barras Cota Circulation type (not for loan) Tipo de documento Nota do exemplar Damaged status
  Biblioteca Escolar da Coca Maravilhas Biblioteca Escolar da Coca Maravilhas BECM7803/07 8EST DIS   Livro Sem mensagem